Statistics for Rupaul's Drag Race Season 8 Queens In Order

Click here to take the quiz!

General Stats

  • This quiz has been taken 137 times
  • The average score is 11 of 12

Answer Stats

PlaceAnswer% Correct
1stBob the Drag Queen
95%
Runner-upsKim Chi
95%
Runner-upsNaomi Smalls
94%
4thChi Chi DeVayne
93%
5thDerrick Barry
91%
6thThorgy Thor
91%
11th/10thDax ExclamationPoint
90%
9thCynthia Lee Fontaine
88%
12thNaysha Lopez
85%
8thAcid Betty
84%
11th/10thLaila McQueen
84%
7thRobbie Turner
81%

Score Distribution

Percentile by Number Answered

Percent of People with Each Score

Your Score History

You have not taken this quiz